00585nam a2200193Ia 4500008004100000020001400041082001200055100002000067245003000087250000700117260004500124300002800169500001900197600003300216650001600249942000700265952010400272999001500376240925s9999 xx 000 0 und d a130115746 a515 MAT aMattuck, Arthur 0aInteroduction to Analysis aNA aNew Jersey:bPrintice- Hall Int.c,1999. axvi,819p.bNAfOriginal aIncludes Index aHumanities & Natural Science aMathematics cBK 001040708HUMaUITUbUITUd2000-08-16eNAl0o515 MATpQ2743r2024-09-25 07:12:54w2024-09-25yBK c5242d5242